Boston Subway (MBTA) Stations on a Map - Statistics

General Stats
  • This quiz has been taken 3,862 times
    3,849 since last reset
  • The average score is 52 of 121
Answers on the Map
Answers color-coded by a green-red scale on the quiz's map according to % correct below.
 
Answer Stats
Line Station % Correct
Red Harvard
87%
GB South Street
81%
Red Kendall/MIT
80%
Green North Station
79%
Red Park Street
79%
Red Alewife
77%
Red Downtown Crossing
77%
Red South Station
76%
Blue Government Center
75%
Blue Airport
74%
GB Boston College
73%
Red Braintree
73%
Blue Aquarium
72%
Red Charles/MGH
72%
Blue Wonderland
72%
GD Fenway
70%
Orange Chinatown
67%
Green Copley
67%
Green Haymarket
67%
Mattapan Mattapan
67%
Orange Back Bay
66%
Red Central
66%
Orange Forest Hills
66%
Red JFK/UMass
66%
Orange State
65%
Green Boylston
64%
GBCD Kenmore
64%
Green Arlington
63%
Orange Oak Grove
63%
Mattapan Ashmont
62%
Green Lechmere
61%
Red Porter
61%
Blue Bowdoin
60%
Red Davis
60%
Red Riverside
59%
Orange Ruggles
59%
GE Heath
58%
GC Cleveland Circle
57%
GE Northeastern
57%
Orange Tufts Medical
55%
GB Boston University East
54%
GE Prudential
54%
Blue Revere Beach
54%
Red Andrew
52%
Red Broadway
52%
Blue Maverick
52%
Red Quincy Center
52%
GB Boston University Central
51%
GBCD Hynes
51%
GE Symphony
51%
Orange Community College
50%
Green Science Park/West End
49%
Orange Assembly Station
48%
GB Boston University West
48%
Orange Malden Center
48%
GE Museum of Fine Arts
48%
Orange Massachusetts Avenue
47%
GD Longwood
46%
Red North Quincy
45%
Red Quincy Adams
45%
Orange Roxbury Crossing
45%
GC Coolidge Corner
43%
Orange Sullivan Square
42%
GD Newton Centre
41%
Orange Wellington
41%
Red Wollaston
40%
Orange Green Street
39%
Blue Orient Heights
37%
Mattapan Savin Hill
37%
GD Brookline Village
36%
Orange Jackson Square
35%
Blue Suffolk Downs
35%
GD Chestnut Hill
34%
GD Reservoir
34%
GE Back of the Hill
33%
Blue Wood Island
32%
Blue Beachmont
31%
GD Brookline Hills
30%
GC St. Mary's Street
30%
Orange Stony Brook
30%
GE Longwood Medical
29%
GD Newton Highlands
29%
GB Packards Corner
29%
Mattapan Fields Corner
28%
GB Harvard Avenue
28%
GD Waban
28%
GB Babcock Street
27%
GE Brigham Circle
27%
Mattapan Milton
27%
Mattapan Shawmut
26%
GB | GC St. Paul Street
25%
GB Washington Street
24%
GD Eliot
23%
GB Blandford Street
22%
GD Woodland
22%
GB Allston Street
20%
GD Beaconsfield
20%
GC Washington Square
20%
GE Fenwood Road
19%
GE Riverway
19%
GB Griggs Street
18%
Mattapan Cedar Grove
17%
GE Mission Park
17%
Mattapan Capen Street
16%
GB Chestnut Hill Avenue
16%
GB Warren Street
16%
Mattapan Butler
15%
Mattapan Central Avenue
15%
GC Kent Street
15%
GB Sutherland Road
14%
GB Chiswick Road
13%
GC Dean Road
13%
GC Hawes Street
13%
Mattapan Valley Road
13%
GC Brandon Hall
12%
GC Tappan Street
12%
GC Englewood Avenue
11%
GC Summit Avenue
11%
GC Fairbanks Street
10%
GB Pleasant Street
10%
No matching quizzes found
Score Distribution
Percent of People with Each Score
Percentile by Number Answered
Your Score History
You have not taken this quiz since the last reset